书目信息 |
| 题名: |
邑以文名
|
|
| 作者: | 何杰华 著 | |
| 分册: | ||
| 出版信息: | 海口 海南出版社 2024.04 |
|
| 页数: | 313页 | |
| 开本: | 23cm | |
| 丛书名: | ||
| 单 册: | ||
| 中图分类: | K926.64 | |
| 科图分类: | ||
| 主题词: | ||
| 电子资源: | ||
| ISBN: | 978-7-5730-1567-9 | |
| 000 | 00775nam0 2200229 450 | |
| 001 | 012978628 | |
| 005 | 20251022204253.92 | |
| 010 | @a978-7-5730-1567-9@b精装@dCNY86.00 | |
| 100 | @a20240619d2024 em y0chiy0120 ea | |
| 101 | 0 | @achi |
| 102 | @aCN@b460000 | |
| 105 | @aa z 000yy | |
| 106 | @ar | |
| 200 | 1 | @a邑以文名@9yi yi wen ming@e文昌传@f何杰华著 |
| 210 | @a海口@c海南出版社@d2024.04 | |
| 215 | @a313页@c图@d23cm | |
| 330 | @a本书分为正文“史前风鸣,序幕始启”“紫贝之地,耕海问路”“人文蔚起,风起玉阳”“巡抚邢宥,希贤希圣”“探花高徒,情牵故里”“儒师归梓,溪北书香”等10章内容。 | |
| 607 | @a文昌@x概况 | |
| 690 | @aK926.64@v5 | |
| 701 | 0 | @a何杰华@9he jie hua@c(企业管理)@4著 |
| 801 | 0 | @aCN@c20250910 |
| 905 | @a河南城建学院图书馆@dK926.64@eH182@ZH182@f1 | |
| 邑以文名:文昌传/何杰华著.-海口:海南出版社,2024.04 |
| 313页:图;23cm |
| ISBN 978-7-5730-1567-9(精装):CNY86.00 |
| 本书分为正文“史前风鸣,序幕始启”“紫贝之地,耕海问路”“人文蔚起,风起玉阳”“巡抚邢宥,希贤希圣”“探花高徒,情牵故里”“儒师归梓,溪北书香”等10章内容。 |
| ● |
| 相关链接 |
|
|
|
正题名:邑以文名
索取号:K926.64/H182
 
预约/预借
| 序号 | 登录号 | 条形码 | 馆藏地/架位号 | 状态 | 备注 |
| 1 | 1634327 | 216343277 | 社科库309/309社科库 15排1列2层/ [索取号:K926.64/H182] | 在馆 |